| 000 | 00730nam a22001937a 4500 | ||
|---|---|---|---|
| 003 | OSt | ||
| 005 | 20260317053952.0 | ||
| 008 | 260317b |||||||| |||| 00| 0 eng d | ||
| 020 | _a978-0-545-87246-1 | ||
| 040 |
_aDWCL GS lib _cOC |
||
| 100 | _aSTILTON, GERONIMO | ||
| 245 |
_a Cavemice: my austosaurus will win! #101 _cSTILTON, GERONIMO |
||
| 260 |
_a New York _bScholastic, Inc. _c2016. |
||
| 300 |
_avii, 113 pages _c19 cm. |
||
| 520 | _aIn Cavemice #10: My Autosaurus Will Win! by Geronimo Stilton, Geronimo Stiltonoot participates in an exciting and dangerous race from Old Mouse City to Boulder Bay and back. | ||
| 650 | _2children's fiction | ||
| 650 | _2teamwork, perseverance, and friendship | ||
| 942 |
_2ddc _cFIC. _n0 |
||
| 999 |
_c9224 _d9224 |
||